000 00363 a2200169 4500
001 186802
020 _a85-16-00557-7
040 _cMagnum
100 _aSiguemoto, Regina
240 1 0 _aNinguém pode comigo!
_lpor
245 1 0 _aNinguém pode comigo!
300 _a24
362 0 _a1991
440 1 _aModerna
697 _aLITERATURA INFANTIL
942 _cBK
999 _c186802
_d186802